|
|
|
|
| LEADER |
00000nam0a2200000 4500 |
| 001 |
43743 |
| 005 |
20231031021510.0 |
| 035 |
|
|
|a (RuTPU)RU\TPU\book\45306
|
| 090 |
|
|
|a 43743
|
| 100 |
|
|
|a 20021018d1979 k y0rusy50 ca
|
| 101 |
1 |
|
|a rus
|c eng
|
| 102 |
|
|
|a RU
|
| 105 |
|
|
|a a z 001zy
|
| 200 |
1 |
|
|a Лазерная спектроскопия атомов и молекул
|e пер. с англ.
|f Г. Вальтер, Ф. А. Блум, Е. Д. Хинкли и др.
|g Под ред. Г. Вальтера
|
| 210 |
|
|
|a Москва
|c Мир
|d 1979
|
| 215 |
|
|
|a 432 с.
|c ил.
|
| 225 |
1 |
|
|a Проблемы прикладной физики
|
| 320 |
|
|
|a Библиогр.: с. 415-424.
|
| 320 |
|
|
|a Библиогр. в конце разделов.
|
| 320 |
|
|
|a Указ. имен, предм., хим. соединенй: С. 425-430.
|
| 610 |
1 |
|
|a физика
|
| 610 |
1 |
|
|a ядерная физика
|
| 610 |
1 |
|
|a спектроскопия
|
| 610 |
1 |
|
|a лазерная спектроскопия
|
| 610 |
1 |
|
|a атомы
|
| 610 |
1 |
|
|a молекулы
|
| 610 |
1 |
|
|a инфракрасная спектроскопия
|
| 610 |
1 |
|
|a лазеры
|
| 610 |
1 |
|
|a излучения
|
| 610 |
1 |
|
|a измерения
|
| 610 |
1 |
|
|a свет
|
| 610 |
1 |
|
|a скорость
|
| 675 |
|
|
|a 539.184
|v 3
|
| 675 |
|
|
|a 539.194
|v 3
|
| 701 |
|
1 |
|a Вальтер
|b Г.
|
| 701 |
|
1 |
|a Блум
|b Ф. А.
|
| 701 |
|
1 |
|a Хинкли
|b Е. Д.
|
| 701 |
|
1 |
|a Нилл
|b К. В.
|
| 701 |
|
1 |
|a Шимода
|b К.
|
| 701 |
|
1 |
|a Черлоу
|b Дж.
|
| 702 |
|
1 |
|a Вальтер
|b Г.
|4 340
|
| 801 |
|
1 |
|a RU
|b 63413507
|c 20021018
|g PSBO
|
| 801 |
|
2 |
|a RU
|b 63413507
|c 20160204
|g PSBO
|
| 942 |
|
|
|c BK
|